Hacia la transparencia en la gestión pública / (Registro nro. 4433)
[ vista simple ]
| 000 -LEADER | |
|---|---|
| fixed length control field | 01129nam a2200241Ia 4500 |
| 003 - CONTROL NUMBER IDENTIFIER | |
| control field | OSt |
| 005 - DATE AND TIME OF LATEST TRANSACTION | |
| control field | 20210115102144.0 |
| 008 - FIXED-LENGTH DATA ELEMENTS--GENERAL INFORMATION | |
| fixed length control field | 191128s1994 ck gr 100 0 spa d |
| 040 ## - CATALOGING SOURCE | |
| Original cataloging agency | CO-JMCR |
| Transcribing agency | CO-JMCR |
| 041 0# - LANGUAGE CODE | |
| Language code of text/sound track or separate title | spa |
| 082 04 - DEWEY DECIMAL CLASSIFICATION NUMBER | |
| Classification number | 350.996 / |
| Item number | B238h |
| Edition number | 23 |
| 100 1# - MAIN ENTRY--PERSONAL NAME | |
| Personal name | Barbosa Cardona, Octavio, |
| Relator term | Compilador |
| 9 (RLIN) | 9424 |
| 245 10 - TITLE STATEMENT | |
| Title | Hacia la transparencia en la gestión pública / |
| Statement of responsibility, etc. | compiladores Octavio Barbosa Cardona y Juan Enrique Niño Guarín |
| 260 ## - PUBLICATION, DISTRIBUTION, ETC. | |
| Place of publication, distribution, etc. | Bogotá : |
| Name of publisher, distributor, etc. | ESAP, |
| Date of publication, distribution, etc. | 1994 |
| 300 ## - PHYSICAL DESCRIPTION | |
| Extent | 226 páginas ; |
| Dimensions | 23 cm. |
| 490 0# - SERIES STATEMENT | |
| Series statement | Documentos ESAP |
| 504 ## - BIBLIOGRAPHY, ETC. NOTE | |
| Bibliography, etc. note | Bibliografía: páginas 225-226 |
| 505 0# - FORMATTED CONTENTS NOTE | |
| Title | La ESAP y la cultura del control / |
| Statement of responsibility | Octavio Barbosa Cardona |
| Title | Corrupción en la administración de justicia / |
| Statement of responsibility | Rafael Ballen |
| Title | Los sistemas perversos de la corrupción institucionalizada / |
| Statement of responsibility | Jorge Ricardo Etkin |
| Title | Periodistas, medios de comunicación |
| 650 14 - SUBJECT ADDED ENTRY--TOPICAL TERM | |
| Topical term or geographic name entry element | Corrupción administrativa |
| Form subdivision | ensayos, conferencias, etc. |
| Geographic subdivision | Colombia |
| 9 (RLIN) | 9422 |
| 650 14 - SUBJECT ADDED ENTRY--TOPICAL TERM | |
| Topical term or geographic name entry element | Corrupción en la Justicia |
| Form subdivision | ensayos, conferencias, etc. |
| Geographic subdivision | Colombia |
| 9 (RLIN) | 9423 |
| 700 1# - ADDED ENTRY--PERSONAL NAME | |
| Personal name | Niño Guarin, Juan Enrique, |
| Relator term | compilador |
| 9 (RLIN) | 9425 |
| 942 ## - ADDED ENTRY ELEMENTS (KOHA) | |
| Source of classification or shelving scheme | Dewey Decimal Classification |
| Koha item type | Books |
| Withdrawn status | Lost status | Source of classification or shelving scheme | Damaged status | Not for loan | Collection code | Home library | Current library | Date acquired | Source of acquisition | Total Checkouts | Full call number | Barcode | Date last seen | Date last checked out | Copy number | Koha item type |
|---|---|---|---|---|---|---|---|---|---|---|---|---|---|---|---|---|
| Dewey Decimal Classification | Non-fiction | Biblioteca Pública José María del Castillo y Rada | Biblioteca Pública José María del Castillo y Rada | 04/15/2018 | Donación | 1 | 350.996 / B238h | 201809295 | 05/16/2024 | 02/20/2020 | Ej.1 | Books |